Buffalo Bills: Top 10 All-Time Leaders - Statistics

General Stats
  • This quiz has been taken 109 times
  • The average score is 21 of 62
Answer Stats
Category # Player Amount % Correct
Passing Yards 3 Josh Allen 26,976
99%
Rushing Yards 5 Josh Allen 4,231
99%
Passing Yards 1 Jim Kelly 35,467
96%
Rushing Yards 1 Thurman Thomas 11,938
82%
Receiving Yards 7 Thurman Thomas 4,341
82%
Receiving Yards 1 Andre Reed 13,095
81%
Receiving Yards 4 Stefon Diggs 5,372
81%
Rushing Yards 2 O.J. Simpson 10,183
80%
Tackles 2 Bruce Smith 942
78%
Sacks 1 Bruce Smith 171.0
78%
Passing Yards 7 Tyrod Taylor 8,857
69%
Passing Yards 5 Ryan Fitzpatrick 11,654
64%
Receiving Yards 10 Stevie Johnson 3,832
54%
Tackles 8 Jordan Poyer 474
47%
Interceptions T10 Jordan Poyer 22
47%
Passing Yards 8 Doug Flutie 7,582
46%
Sacks T6 Ben Williams 52.0
45%
Rushing Yards 3 Fred Jackson 5,646
45%
Tackles 10 Kyle Williams 387
45%
Sacks 8 Kyle Williams 48.5
45%
Sacks 9 Mario Williams 43.0
45%
Passing Yards 6 Drew Bledsoe 10,151
43%
Passing Yards 4 Jack Kemp 15,134
40%
Rushing Yards 7 LeSean McCoy 3,814
40%
Passing Yards 2 Joe Ferguson 27,590
39%
Receiving Yards 2 Eric Moulds 9,096
36%
Rushing Yards 10 C.J. Spiller 3,321
35%
Passing Yards 10 J.P. Losman 6,211
35%
Tackles 3 Cornelius Bennett 751
25%
Sacks 5 Cornelius Bennett 52.5
25%
Tackles 4 Henry Jones 546
25%
Receiving Yards 3 Lee Evans 5,934
25%
Tackles 1 Darryl Talley 1,095
22%
Sacks 10 Darryl Talley 38.5
22%
Rushing Yards 6 Travis Henry 3,849
20%
Passing Yards 9 Dennis Shaw 6,286
18%
Rushing Yards 9 Willis McGahee 3,365
18%
Sacks 4 Jerry Hughes 53.0
17%
Interceptions 1 Butch Byrd 40
14%
Interceptions T10 Jairus Byrd 22
14%
Receiving Yards 9 Bob Chandler 3,999
13%
Receiving Yards 6 Frank Lewis 4,638
13%
Tackles 7 London Fletcher 494
13%
Interceptions 3 Mark Kelso 30
11%
Receiving Yards 5 Elbert Dubenion 5,294
10%
Rushing Yards 4 Joe Cribbs 4,445
10%
Interceptions 2 Tony Greene 37
10%
Sacks 2 Aaron Schobel 78.0
8%
Interceptions T7 Nate Clements 23
8%
Tackles 5 Shane Conlan 545
7%
Interceptions T7 Steve Freeman 23
7%
Receiving Yards 8 Jerry Butler 4,301
6%
Interceptions 6 Mario Clark 25
6%
Interceptions 5 Nate Odomes 26
6%
Tackles 9 Terrence McGee 441
6%
Sacks T6 Tom Sestak 52.0
6%
Interceptions T10 George Saimes 22
5%
Tackles 6 Phil Hansen 496
5%
Sacks 3 Phil Hansen 61.5
5%
Rushing Yards 8 Wray Carlton 3,368
5%
Interceptions T7 Booker Edgerson 23
4%
Interceptions 4 Charles Romes 28
4%
No matching quizzes found
Score Distribution
Percent of People with Each Score
Percentile by Number Answered
Your Score History
You have not taken this quiz